000 01253cab a2200361 4500
001 WB3146-15
008 090401t1995 xxu||||| |||| 00| 0 eng d
035 _a(Sirsi) u45699
041 _aeng
245 _aEnergy efficiency
260 _c1995
300 _aLOAN
350 _a0
490 _aFinancial Times
_v5 December 1995, (6)
520 _aCovers the growing interest in natural ventilation in modern offices, the setting up of the European Energy from Waste Coalition, an assessment of meeting carbon dioxide emissions post 1992 Rio Janeiro earth summit, the EU view on energy efficiency policy, Energy Savings Trust, the Energy Conservation Act and attitudes on combined heat and power in the UK.
650 _aCARBON DIOXIDE EMISSIONS
650 _aCOMBINED HEAT AND POWER
650 _aENERGY CONSERVATION ACT 1995
650 _aENERGY EFFICIENCY
650 _aENERGY SAVINGS TRUSTS
650 _aGERMANY
650 _aGLOBAL EMISSION TARGETS
650 _aGREENHOUSE EFFECT
650 _aHOUSING GRANTS
650 _aINCINERATION
650 _aNATURAL VENTILATION
650 _aOFFICE BUILDINGS
650 _aPOLLUTION
650 _aWINDOWS
690 _aENERGY
_96237
942 _n0
948 _c04/03/1997
999 _c28923
_d28923